[Event "GER-chT U16"]
[Site "Walldorf"]
[Date "2017.12.28"]
[Round "3.3"]
[White "Kannengiesser, Louis"]
[Black "Lutterbach, Jakob"]
[Result "0-1"]
[WhiteElo "1530"]
[BlackElo "1463"]
[PlyCount "60"]
[EventDate "2017.12.26"]
[EventType "team-swiss"]
[EventRounds "7"]
[EventCountry "GER"]
[SourceTitle "CBM 182 Extra"]
[Source "ChessBase"]
[SourceDate "2018.02.23"]
[SourceVersion "1"]
[SourceVersionDate "2018.02.23"]
[SourceQuality "1"]
[WhiteTeam "Leipzig Gruen Weiss"]
[BlackTeam "Bingen"]
[WhiteTeamCountry "GER"]
[BlackTeamCountry "GER"]

1. e4 c5 2. Nf3 a6 3. d4 cxd4 4. Nxd4 Nf6 5. Nc3 e5 6. Nf3 Bb4 7. Bd2 d6 8. Bd3 Nbd7 9. 0-0 Nc5 10. Qe2 0-0 11. h3 b5 12. a3 Bxc3 13. Bxc3 Bb7 14. Nd2 Na4 15. Nb1 Qc7 16. Ra2 Nxc3 17. Nxc3 d5 18. exd5 Nxd5 19. Nxd5 Bxd5 20. Raa1 f5 21. f3 Rae8 22. c3 g6 23. Rae1 Re6 24. Qd2 Rfe8 25. Re3 Qc6 26. Rfe1 e4 27. fxe4 Bxe4 28. Bxe4 Rxe4 29. Qd3 Qc5 30. Kf2 f4 0-1